000 02493nas1a22003131i 4500
001 RU\NLR\BIBL_A\012698282
005 20240922080231.0
011 _a2713-0673
035 _a(NLR Aleph) 012698282
090 _a12869523
_c12869523
100 _a20220201a20219999|||y0rusy50 ca
101 0 _arus
102 _aRU
110 _azhuzz 0|y|
181 0 _ai
_baxxe
182 0 _an
200 1 _aВестник Проблемы совершенствования российского законодательства
_eнаучно-образовательный журнал
_fСев.-Кавк. ин-т (фил.) Федерал. гос. бюджет. образоват. учреждения высш. образования "Всерос. гос. ун-т юстиции (РПА Минюста России)" в г. Махачкале
203 _aТекст
_bвизуальный
_cнепосредственный
210 _aМахачкала
_cСеверо-Кавказский институт (филиал) ФГБОУ ВО "Всероссийский государственный университет юстиции (РПА Минюста России)"
_d2021 -
311 _aРанее выходил как: Проблемы совершенствования законодательства
430 0 _1001RU\NLR\Per\1127538
_12001#$aПроблемы совершенствования законодательства
_99937824
_cМахачкала
_d2012 - 2020
_fФГБОУ ВПО "Рос. правовая акад. М-ва юстиции Рос. Федерации", Сев.-Кавк. (г. Махачкала) фил.
_nРПА Минюста России
_o(сборник научных статей студентов юридического факультета СКФ РПА Минюста России)
_tПроблемы совершенствования законодательства
517 1 _aПроблемы совершенствования российского законодательства
606 1 _aПраво
_jПериодические издания
_yРоссийская Федерация
_92070216
_3RU\NLR\AUTH\661244932
686 1 _aХ62я54
712 0 2 _aВсероссийский государственный университет юстиции
_bСеверо-Кавказский институт (филиал)
_e(Махачкала)
_4570
852 _aNLR
_jП23/8971
942 _cSE
980 _aRUSPER